Supernatural Charaktere - Statistiken

Allgemein
  • Dieses Quiz wurde 384 mal gespielt
  • Das Durchschnittsergebnis liegt bei 9 aus 15
Antwortstatistiken
Hint Antwort % Korrekt
"Driver pics the music, shotgun shuts his cakehole" Dean
99%
"I lost my shoe" Sam
99%
"I don't understand that reference" Castiel
91%
"Good morning Vietnam" Lucifer
81%
"Do i look like a ditchable prom date to you?" Bobby
77%
"Can i get you without the flannel?" Crowley
75%
"I'm not a witch, i'm a nerd" Charlie
58%
"Adam is'nt home right now" Michael
55%
"Why? What'd dad do with you on your birthday?" Adam
52%
"... but you are a great big bag of dicks" Gabriel
50%
"I'm an artist samuel. These things cannot be rushed" Rowena
49%
"Awesome. The king of hell just snapped my girlfriends neck." Kevin
38%
"I was the begining and i will be the end" Amara
26%
"Dude. I just ... drank a whole beer. Of course i'm drunk." Garth
18%
"I don't think i like you anymore!" Lilith
15%
Keine übereinstimmenden Quizze gefunden
Verteilung der Resultate
Anzahl Personen mit jedem Resultat
Perzentil nach korrekt beantworteten Fragen
Ihre Resultats-Entwicklung
Sie haben dieses Quiz noch nicht gespielt